000 00549nam a2200193Ia 4500
003 OSt
005 20220926041357.0
006 a|||||r|||| 00| 0
007 ta
008 220923b |||||||| |||| 00| 0 eng d
037 _cGeneral Book
040 _aRTL
_cRTL
_beng
041 _2eng
_aeng
082 _aX7281:(Z2.N7), L8;M2/TD
100 _aBHATTACHARYA B
245 0 _aWealth tax,Gift tax and estate duty and pratice in
942 _hX7281:(Z2.N7), L8;M2/TD
_cGB
_2CC
999 _c667051
_d667051